Pro and Con Vocabulary Quiz Stats

Quiz Updated Jul 27, 2016

Also try: 'All-' Vocabulary
Challenge
Share
Tweet
Embed
Score 0/20 Timer 04:00
1 Play Today
% Correct
Probiotic
91.8%
Conductive
91.3%
Conformist
87.9%
Progeny
85.8%
Proletariat
83.6%
Conspicuous
81.9%
Conjecture
81.8%
Prostrate
80%
Concernment
77.3%
Convalesce
77.2%
% Correct
Conclave
75.9%
Protracted
75.3%
Conflagration
74.7%
Profundity
74%
Proliferate
68.7%
Consonance
63.4%
Confabulate
63.2%
Profuse
62.3%
Profligate
53.8%
Promulgate
48.1%

You're not logged in!

Compare scores with friends on all Sporcle quizzes.
Join for Free
OR
Log In

You Might Also Like...

Show Comments

Extras

Top Quizzes Today


Score Distribution

Your Account Isn't Verified!

In order to create a playlist on Sporcle, you need to verify the email address you used during registration. Go to your Sporcle Settings to finish the process.

Report this User

Report this user for behavior that violates our Community Guidelines.

Details: